<?xml version="1.0" encoding="UTF-8"?>
<record
    xmlns:xsi="http://www.w3.org/2001/XMLSchema-instance"
    xsi:schemaLocation="http://www.loc.gov/MARC21/slim http://www.loc.gov/standards/marcxml/schema/MARC21slim.xsd"
    xmlns="http://www.loc.gov/MARC21/slim">

  <leader>01154nam a22001577a 4500</leader>
  <datafield tag="999" ind1=" " ind2=" ">
    <subfield code="c">26620</subfield>
    <subfield code="d">26620</subfield>
  </datafield>
  <datafield tag="020" ind1=" " ind2=" ">
    <subfield code="a">9780081029251</subfield>
  </datafield>
  <datafield tag="082" ind1=" " ind2=" ">
    <subfield code="a">025.344</subfield>
    <subfield code="b">STA-T</subfield>
  </datafield>
  <datafield tag="100" ind1=" " ind2=" ">
    <subfield code="a">Stachokes, Geroge</subfield>
  </datafield>
  <datafield tag="245" ind1=" " ind2=" ">
    <subfield code="a">Role of the Electronic Resources Librarian</subfield>
  </datafield>
  <datafield tag="260" ind1=" " ind2=" ">
    <subfield code="a">Cambridge</subfield>
    <subfield code="b">Chandos Publishing</subfield>
    <subfield code="c">2019</subfield>
  </datafield>
  <datafield tag="300" ind1=" " ind2=" ">
    <subfield code="a">vii,167</subfield>
  </datafield>
  <datafield tag="504" ind1=" " ind2=" ">
    <subfield code="a">  

</subfield>
  </datafield>
  <datafield tag="520" ind1=" " ind2=" ">
    <subfield code="a">The Role of the Electronic Resources Librarian focuses on longstanding hurdles to the transition of libraries from print collections, to online information services, all from an Electronic Resources Librarian (ERL) perspective. Problems covered include cost containment for electronic serials, web design, discovery, customer service, efficiency, and adapting orga  nizations to the needs of contemporary users. The title considers the historical development of the ERL role, how the position emerged in North America in the 1990s, how it is represented within the organizational structure of academic libraries, and how the ERL role maps to technology, information services, and professional identity trends. </subfield>
  </datafield>
  <datafield tag="650" ind1=" " ind2=" ">
    <subfield code="a">Digital libraries</subfield>
    <subfield code="v">Management</subfield>
    <subfield code="v">Data services</subfield>
    <subfield code="v">Electronic information resources</subfield>
  </datafield>
  <datafield tag="942" ind1=" " ind2=" ">
    <subfield code="2">ddc</subfield>
    <subfield code="c">BK</subfield>
  </datafield>
  <datafield tag="952" ind1=" " ind2=" ">
    <subfield code="0">0</subfield>
    <subfield code="1">0</subfield>
    <subfield code="4">0</subfield>
    <subfield code="7">0</subfield>
    <subfield code="a">NASSDOC</subfield>
    <subfield code="b">NASSDOC</subfield>
    <subfield code="d">2021-03-03</subfield>
    <subfield code="e">Overseas Press India Private Limited</subfield>
    <subfield code="g">4289.71</subfield>
    <subfield code="i">2021-02-22</subfield>
    <subfield code="l">0</subfield>
    <subfield code="o">025.344 STA-T</subfield>
    <subfield code="p">51328</subfield>
    <subfield code="r">2021-03-03 00:00:00</subfield>
    <subfield code="v">5876.32</subfield>
    <subfield code="w">2021-03-03</subfield>
    <subfield code="y">BK</subfield>
  </datafield>
</record>
